Countries with the Highest number of Selfie Related Deaths - Statistics

General Stats
  • This quiz has been taken 76 times
  • The average score is 8 of 13
Answer Stats
# Country % Correct
5 United States
100%
1 China
98%
7 Russia
82%
19 India
77%
1 Mexico
70%
4 Spain
65%
1 Italy
62%
2 Indonesia
55%
1 Pakistan
44%
2 Portugal
41%
1 South Africa
36%
4 Philippines
30%
1 Romania
15%
No matching quizzes found
Score Distribution
Percent of People with Each Score
Percentile by Number Answered
Your Score History
You have not taken this quiz